Normal view
MARC view
- Sports -- Rules.
Entry Topical Term
001 - CONTROL NUMBER
- control field: 42356
003 - CONTROL NUMBER IDENTIFIER
- control field: OSt
005 - DATE AND TIME OF LATEST TRANSACTION
- control field: 20201015105427.0
008 - FIXED-LENGTH DATA ELEMENTS
- fixed length control field: 201015|| aca||aabn | a|a d
040 ## - CATALOGING SOURCE
- Original cataloging agency: OSt
- Transcribing agency: OSt
150 ## - HEADING--TOPICAL TERM
- Topical term or geographic name entry element: Sports -- Rules.
670 ## - SOURCE DATA FOUND
- Source citation: Work cat.: (OSt): Hanlon, Thomas 42355, The sports rules book:, ©1998.
